00982nac a22002291u 4500010001600000020003900016082001800055090001500073100003400088245011700122250001200239260005100251300003400302500002600336504006400362511002600426650002600452942002000478999001500498952012100513952011800634 a 00069012 a0938721844 (hardback : alk. paper)00a658.4062bHAR c9115d9115 aHarmon, Frederick G. 10aBusiness 2010 :bfive forces that will reshape business-- and how to make them work for you /cFrederick Harmon. a1st ed. aWashington, DC :bKiplinger Books,2001cc2001. axxi, 332 p. :bill. ;c25 cm. adistributer: Al-Ahram aIncludes bibliographical references (p. 299-315) and index. acatalogued by: wessam 0aBusiness forecasting. cBBk658.4062HAR c9115d9115 00104070aMAINbMAINc1STd2014-04-08ePurchasel4m1o658.4062HARp000011055r2025-07-15 00:00:00s2013-09-23yBB 00104070aMAINbMAINc1STd2013-05-08ePurchasel1o658.4062HARp000011354r2025-07-15 00:00:00s2009-12-21yNB